Nábrežný objekt
Salvato in:
| Autore principale: | |
|---|---|
| Altri autori: | |
| Natura: | Manoscritto Libro |
| Lingua: | slovacco |
| Pubblicazione: |
Bratislava
2015
|
| Soggetti: | |
| Accesso online: | http://is.stuba.sk/zp/portal_zp.pl?podrobnosti=112135 |
| Tags: |
Nessun Tag, puoi essere il primo ad aggiungerne!!
|
MARC
| LEADER | 00000ntm a22000003a 4500 | ||
|---|---|---|---|
| 001 | stuzp52715 | ||
| 003 | SK-STU | ||
| 005 | 20210308080357.0 | ||
| 007 | ta | ||
| 008 | 150427s2015----xo-----f-mn---000-0-slo-d | ||
| 040 | |a STU |b slo | ||
| 041 | 0 | |a slo | |
| 100 | 1 | |a Hvaťová, Erika |u 058180 |4 aut |U FAD Fakulta architektúry a dizajnu |U FAD Fakulta architektúry |T FA Ústav architektúry občianskych budov |X 65488 |U A8180 |Y 399 |7 65488 | |
| 242 | 0 | 1 | |a Riverfront object - Cultural Laboratory, Bratislava |y eng |
| 245 | 1 | 0 | |a Nábrežný objekt |
| 260 | |c 2015 |a Bratislava | ||
| 650 | 4 | |a kultúra |2 slo | |
| 650 | 4 | |a umenie |2 slo | |
| 650 | 4 | |a verejný priestor |2 slo | |
| 650 | 4 | |a art |2 eng | |
| 650 | 4 | |a urban public space |2 eng | |
| 650 | 4 | |a culture |2 eng | |
| 700 | 1 | |a Polakovič, Štefan |4 ths |X 70902 |7 A000070902 | |
| 856 | 4 | |u http://is.stuba.sk/zp/portal_zp.pl?podrobnosti=112135 |u https://opac.crzp.sk/?fn=detailBiblioForm&sid=A7BD2F096A49022F25CD9637FE46 | |
| SQL | |a stuzp52715 |b DDP |c SLO |d Nábrežný objekt |e 65488 |f Hvaťová, Erika |g 058180 |h 70902 |i Polakovič, Štefan |j 20150604 |k 153 |l 05 |m http://is.stuba.sk/zp/portal_zp.pl?podrobnosti=112135 |n I-ARCH |o 5.1.1. architektúra a urbanizmus | ||